000 01147nam a2200229 a 4500
001 71011
003 BD-RjUL
005 20211209082052.0
008 170423s1993 bg a|||| |||| 00| 0 eng d
020 _c: TK. 125.00
035 _a(BD-RjUL)71225
040 _aBD-RjUL
_bben
_cBD-RjUL
_dBD-RjUL
041 _aben
082 _223
_a615.532
_bRAP 1993
100 _aরশিদ, কন্দকার আব্দুর
_9210105
245 _aপ্র্যাকটিক্যাল প্র্যাকটিস অব হোমিও আই ট্রিটমেন্ট :
_bউপমহাদেশের একক বৃহওর এনাটমি ও ফিজিওলোজির আলোকে হোমিওপ্যাথিক চক্ষু চিকিৎসার বই /
_cকন্দকার আব্দুর রশিদ
260 _aকুষ্টিয়া :
_bতাহ্‌মিনা খন্দকার,
_c১৯৯৩.
300 _a১৭১ পৃ. :
_bচিত্র. ;
_c২৪ সে.মি.
650 _aসদৃশবিধান
_9210106
650 _aHomeopathy
_9210107
942 _2ddc
_cBK
999 _c71011
_d71011